00345nam a2200121Ia 4500008004100000041000800041082001600049100002800065245004500093260004900138300003100187365000500218240624s9999 xx 000 0 und d aeng a658.408 HAR aHARVARD BUSINESS REVIEW aHARVARD BUSINESS REVIEW ON CORPORATE RES c2003aBostonbHarvard Businesss School Press avii, : 231 : p. : cm. ; 20 c